000 00414nam a2200145Ia 4500
008 240729s9999 xx 000 0 und d
022 _a2569-7110
245 0 _aGeoscience Communication
260 _aGermany
260 _bCopernicus Publications
650 _aGeography. Anthropology. Recreation | Science
856 _uhttps://doaj.org/toc/d7e7bb109a914b9faf32fc41c2856f99
942 _2ddc
942 _cDOAJEJ
999 _c72754
_d72754
945 _a1
_bMadushi Gamage
_c1
_dMadushi Gamage